Stranger Things Quiz - Statistics

General Stats
  • This quiz has been taken 8,463 times
  • The average score is 6 of 10
Answer Stats
Hint Answer % Correct
What is the name of the town where the show takes place? Hawkins
90%
What was 11's favourite food? Eggo Waffles
88%
What did 11 call Dr.Brenner? papa
81%
What does Will tell his Mum to do via the lights? run
69%
What was Will's last roll in the D&D game the evening he disapeared? 7
59%
What is the name of Will's den in the woods? castle byers
52%
What was the name of the diner owner who discovers 11? Benny
46%
Which comic does Will win from Dustin? X-men
37%
What is the name of Tommy's girlfriend? carol
28%
What analogy was used to describe humans and the demogorgon and the upside down? the flea and the acrobat
21%
No matching quizzes found
Score Distribution
Percent of People with Each Score
Percentile by Number Answered
Your Score History
You have not taken this quiz